[Event "Women's Speed Chess Q6"]
[Site "chess.com INT"]
[Date "2021.06.05"]
[Round "3"]
[White "Zhuravleva, Olga"]
[Black "Purtseladze, Maka"]
[Result "0-1"]
[WhiteTitle "WIM"]
[BlackTitle "IM"]
[WhiteElo "2278"]
[BlackElo "2274"]
[WhiteFideId "4145933"]
[BlackFideId "13602659"]
[EventDate "2021.06.05"]

1. e4 e6 2. d4 d5 3. Nd2 Nf6 4. e5 Nfd7 5. Bd3 c5 6. c3 Nc6 7. Ne2 a6 8. O-O b5
9. Nf3 Be7 10. Ng3 h5 11. h3 Bb7 12. a4 b4 13. dxc5 Nxc5 14. Bc2 a5 15. Qe2 Ba6
16. Qe3 Bxf1 17. Nxf1 Rb8 18. cxb4 Nxb4 19. Bb1 Ne4 20. Nd4 Bg5 21. f4 Be7 22.
Kh2 g6 23. Bxe4 dxe4 24. Qxe4 Qd5 25. Qxd5 Nxd5 26. b3 Bc5 27. Nb5 O-O 28. Bd2
Bb4 29. Bxb4 Nxb4 30. Ne3 Rfc8 31. Nc4 Rd8 32. Nbd6 Nd3 33. Nxa5 Rb6 34. Ndc4
Rb4 35. Kg3 Nc5 36. Nc6 Rd3+ 37. Kh2 Rbxb3 38. Nd6 Na6 39. Ne7+ Kg7 40. Rc1 Rb8
41. Rc6 Nb4 42. Rc7 Na6 43. Ra7 Nc5 44. Nc6 Rxd6 45. a5 Rd7 46. Rxd7 Nxd7 47.
Nxb8 Nxb8 0-1

[Event "Women's Speed Chess Q6"]
[Site "chess.com INT"]
[Date "2021.06.05"]
[Round "3"]
[White "Golubenko, Valentina"]
[Black "Ribeiro, Regina"]
[Result "1/2-1/2"]
[WhiteTitle "WGM"]
[BlackTitle "WIM"]
[WhiteElo "2209"]
[BlackElo "1920"]
[WhiteFideId "4501993"]
[BlackFideId "2100681"]
[EventDate "2021.06.05"]

1. d4 Nf6 2. g3 g6 3. Bg2 Bg7 4. Nf3 O-O 5. O-O d6 6. c4 c6 7. d5 c5 8. Nc3 a6
9. e4 Bg4 10. Qb3 b6 11. e5 Ne8 12. e6 Bxf3 13. Bxf3 f5 14. Na4 b5 15. cxb5 axb5
16. Qxb5 Nc7 17. Qc4 Nba6 18. Nb6 Ra7 19. a4 Nxe6 20. dxe6 Qxb6 21. a5 Qb4 22.
Qd3 c4 23. Qe3 Nc5 24. Ra2 Qb3 25. Ra3 Qxe3 26. fxe3 Nb3 27. Ra2 Rxa5 28. Rxa5
Nxa5 29. Bd5 Rb8 30. Rd1 Bxb2 31. Bxb2 Rxb2 32. Ra1 c3 33. Rc1 c2 34. Kf2 Kg7
35. Ke2 Kf6 36. Kd2 Ke5 37. Rxc2 Rxc2+ 38. Kxc2 Kxd5 39. Kd3 Kxe6 40. Kd4 Kd7
41. Kd5 e6+ 42. Kd4 Kc6 43. e4 e5+ 44. Ke3 Kc5 45. h4 fxe4 46. Kxe4 Nc4 47. g4
Nb6 48. h5 gxh5 49. gxh5 Nd7 50. Kf5 Kd4 51. Kg5 e4 52. Kh6 Nf6 53. Kg5 Ke5 54.
h6 e3 55. Kh4 e2 56. Kg5 e1=Q 1/2-1/2

[Event "Women's Speed Chess Q6"]
[Site "chess.com INT"]
[Date "2021.06.05"]
[Round "3"]
[White "Sikorova, Olga"]
[Black "Pourkashiyan, Atousa"]
[Result "0-1"]
[WhiteTitle "WGM"]
[BlackTitle "WGM"]
[WhiteElo "2215"]
[BlackElo "2322"]
[WhiteFideId "307033"]
[BlackFideId "12502014"]
[EventDate "2021.06.05"]

1. c4 e6 2. g3 d5 3. Bg2 Nf6 4. Nf3 Be7 5. b3 O-O 6. O-O c5 7. Bb2 d4 8. e3 Nc6
9. exd4 cxd4 10. Re1 Ne8 11. Ne5 Nxe5 12. Rxe5 f6 13. Re1 e5 14. d3 Rb8 15. Bd5+
Kh8 16. Qh5 Nc7 17. Bf7 Bg4 18. Qxg4 Rxf7 19. Qe2 Bb4 20. Rf1 Qd7 21. a3 Bf8 22.
b4 Re8 23. Nd2 f5 24. f3 Bd6 25. Rae1 Rff8 26. Qg2 b6 27. Qh3 Qf7 28. Re2 Ne6
29. Rfe1 Ng5 30. Qg2 Qh5 31. h4 Ne6 32. Qf2 Nc7 33. Nb3 Qg6 34. c5 bxc5 35. bxc5
Be7 36. h5 Qf7 37. Rxe5 Qxb3 38. Rxe7 Rxe7 39. Rxe7 Nb5 40. Rb7 Qxd3 41. a4 Nc3
42. Rxa7 Nd1 43. Qg2 Ne3 44. Qf2 h6 45. Rb7 Rc8 46. a5 Rxc5 47. a6 Qd1+ 48. Kh2
Rc2 49. Qxc2 Qxc2+ 0-1

[Event "Women's Speed Chess Q6"]
[Site "chess.com INT"]
[Date "2021.06.05"]
[Round "3"]
[White "Matveeva, Olga"]
[Black "Babiy, Olga"]
[Result "0-1"]
[WhiteTitle "WIM"]
[BlackTitle "WGM"]
[WhiteElo "2145"]
[BlackElo "2280"]
[WhiteFideId "24107018"]
[BlackFideId "14117258"]
[EventDate "2021.06.05"]

1. d4 d5 2. c4 dxc4 3. Nf3 Nf6 4. e3 e6 5. Bxc4 a6 6. O-O c5 7. Bd3 Nc6 8. Qe2
cxd4 9. exd4 Be7 10. Rd1 O-O 11. Nc3 b6 12. Bg5 Bb7 13. Rac1 Nb4 14. Bb1 h6 15.
Bf4 Nbd5 16. Be5 Re8 17. a3 Rc8 18. Qd3 Nxc3 19. Rxc3 Ne4 20. Rxc8 Qxc8 21. Nd2
f5 22. f3 Nxd2 23. Qxd2 Bg5 24. Qb4 Qc6 25. Qb3 Kh7 26. d5 Qc5+ 27. Bd4 Bxd5 28.
Qxb6 Qxb6 29. Bxb6 Rb8 30. Bd4 Kg6 31. b4 Kf7 32. Kf2 a5 33. Bc5 axb4 34. axb4
g6 35. Bd3 Ra8 36. Rb1 Ra2+ 37. Kf1 Ra3 38. Be2 Rc3 39. Bd4 Rc2 40. b5 Bf6 41.
Be3 g5 42. b6 Bb7 43. Bd3 Rc3 44. Ke2 Ra3 45. Rc1 Be5 46. g3 Ra2+ 47. Rc2 Ra3
48. Bc4 Kf6 49. Rd2 Ke7 50. Bb5 Bd6 51. Kf2 Rb3 52. Ba4 Rb1 53. Ke2 f4 54. gxf4
gxf4 0-1

[Event "Women's Speed Chess Q6"]
[Site "chess.com INT"]
[Date "2021.06.05"]
[Round "3"]
[White "Balabayeva, Xeniya"]
[Black "Buksa, Nataliya"]
[Result "1/2-1/2"]
[WhiteTitle "WFM"]
[BlackTitle "IM"]
[WhiteElo "2116"]
[BlackElo "2413"]
[WhiteFideId "13719688"]
[BlackFideId "14123622"]
[EventDate "2021.06.05"]

1. e4 c5 2. Nf3 Nc6 3. Bb5 g6 4. O-O Bg7 5. c3 Nf6 6. Re1 O-O 7. d4 d5 8. e5 Ne4
9. h3 Qb6 10. Bxc6 bxc6 11. Nbd2 Nxd2 12. Qxd2 Rb8 13. b3 cxd4 14. cxd4 c5 15.
Ba3 cxd4 16. Bxe7 Re8 17. Bd6 Ra8 18. Qxd4 Qb5 19. Rac1 Bf5 20. Rc5 Qa6 21. Qxd5
Qxa2 22. Ng5 h6 23. Qxf7+ Kh8 24. Rc7 Rg8 25. Ne6 Qxb3 26. Nxg7 Qxf7 27. Rxf7
Rxg7 28. Rxg7 Kxg7 29. Rc1 Kf7 30. g4 Be4 31. Rc4 Bd5 32. Rf4+ Kg7 33. Rd4 Be6
34. f4 a5 35. Kf2 a4 36. Ba3 h5 37. Rd6 Kf7 38. Kg3 Rb8 39. Rd3 hxg4 40. hxg4
Rb3 41. Rxb3 axb3 42. Kh4 Bc4 43. Kg5 Bd3 44. f5 gxf5 45. gxf5 Bc4 46. Kf4 Bd5
47. Ke3 Bg2 48. Kd4 Bh3 49. e6+ Kf6 50. e7 Kf7 51. f6 Bf5 52. Ke5 Bg6 53. Kd6
Ke8 54. Ke6 Bf7+ 55. Kd6 Bg8 56. Ke5 Bf7 57. Kf5 Bh5 58. Bb2 Bf7 59. Kg5 Bc4 60.
Kg6 Bd5 61. Kg7 Bc4 1/2-1/2

[Event "Women's Speed Chess Q6"]
[Site "chess.com INT"]
[Date "2021.06.05"]
[Round "3"]
[White "Grineva, Marianna"]
[Black "Golubeva, Oksana"]
[Result "0-1"]
[WhiteTitle "WFM"]
[BlackTitle "WFM"]
[WhiteElo "2029"]
[BlackElo "2179"]
[WhiteFideId "14102013"]
[BlackFideId "4170164"]
[EventDate "2021.06.05"]

1. e4 e6 2. d4 d5 3. Nd2 Nf6 4. e5 Nfd7 5. Bd3 c5 6. c3 Nc6 7. Ne2 cxd4 8. cxd4
f6 9. exf6 Qxf6 10. Nf3 h6 11. O-O Bd6 12. a3 O-O 13. h3 e5 14. dxe5 Ndxe5 15.
Nxe5 Bxe5 16. Nc3 Be6 17. Bc2 Rad8 18. Qd3 Nd4 19. Qh7+ Kf7 20. Bb1 Rh8 21. Qd3
Nb3 22. Ra2 Nxc1 23. Rxc1 Qf4 24. Qe3 Qh2+ 25. Kf1 Qh1+ 26. Ke2 Qxg2 27. Qxe5
Rhe8 28. Qf4+ Bf5+ 29. Kd2 g6 30. Bxf5 gxf5 31. Qxf5+ Kg7 32. Raa1 Rf8 33. Rg1
Rxf5 34. Rxg2+ Kf6 35. Rag1 Rf8 36. Kd3 Rf3+ 37. Kd4 Rxh3 38. Nxd5+ Kf5 39. Rg3
Rh4+ 40. f4 Rd8 41. Rg6 Rxf4+ 42. Kc5 Rc8+ 43. Kd6 Rd8+ 44. Kc5 b6+ 45. Kc6 Rc4+
46. Kb5 Rc5+ 47. Kb4 a5+ 48. Kb3 Rdxd5 49. Rxh6 Rb5+ 50. Ka2 Ke4 51. Rg4+ Kf3
52. Rc4 Rd2 53. Rc3+ Kg2 54. Rb3 Rdd5 55. Rg6+ Kf2 56. Rxb6 Rxb6 57. Rxb6 Ke3
58. a4 Kd4 59. Ka3 Kc4 60. b3+ Kc3 61. Rb5 Kd4 0-1

[Event "Women's Speed Chess Q6"]
[Site "chess.com INT"]
[Date "2021.06.05"]
[Round "3"]
[White "Paehtz, Elisabeth"]
[Black "Sukandar, Irine Kharisma"]
[Result "1/2-1/2"]
[WhiteTitle "IM"]
[BlackTitle "IM"]
[WhiteElo "2456"]
[BlackElo "2413"]
[WhiteFideId "4641833"]
[BlackFideId "7101937"]
[EventDate "2021.06.05"]

1. d4 Nf6 2. Nf3 d5 3. Bf4 c5 4. e3 e6 5. Nbd2 Bd6 6. c3 O-O 7. Bd3 b6 8. Qe2
Bb7 9. Ne5 Nc6 10. Qf3 Ne7 11. Bg5 Ng6 12. Bxf6 gxf6 13. Nxg6 fxg6 14. Qg4 Qe7
15. h4 f5 16. Qh3 cxd4 17. exd4 e5 18. dxe5 Qxe5+ 19. Kf1 Rae8 20. Nf3 Qf6 21.
Rd1 Bc5 22. Bb5 Re4 23. h5 g5 24. Qg3 g4 25. Nd2 Re7 26. Nb3 Bd6 27. Qd3 f4 28.
Nd4 g3 29. Rh3 gxf2 30. Kxf2 Re3 31. Qc2 Rxh3 32. gxh3 Qh4+ 33. Kf1 Qxh3+ 34.
Qg2+ Qxg2+ 35. Kxg2 Be5 36. Kf3 Bxd4 37. Rxd4 Rf5 38. Kg4 Re5 39. Rxf4 d4 40.
Bc4+ Kg7 41. Rxd4 Bc8+ 42. Kh4 Re3 43. Rd3 Re4+ 44. Kg3 Rxc4 45. Rd8 Bf5 46. Ra8
a5 47. Rb8 Rc6 48. Rb7+ Kh6 49. Kf4 Be6 50. Ke5 Kxh5 51. Rxh7+ Kg6 52. Rb7 Bxa2
53. b4 Re6+ 54. Kd4 a4 55. c4 Bb3 56. c5 bxc5+ 57. bxc5 Ra6 58. Kc3 Kf5 59. Kb4
Ke5 60. Re7+ Kd5 61. Rd7+ Ke6 62. Rd6+ Rxd6 63. cxd6 Kxd6 64. Ka3 Kc5 65. Kb2
Kb4 66. Ka1 Ka3 67. Kb1 Kb4 68. Ka1 a3 69. Kb1 Bc4 70. Ka1 Kb3 71. Kb1 a2+ 72.
Ka1 Ka3 1/2-1/2

[Event "Women's Speed Chess Q6"]
[Site "chess.com INT"]
[Date "2021.06.05"]
[Round "3"]
[White "Starosta, Martyna"]
[Black "Selkirk, Rebecca"]
[Result "1/2-1/2"]
[WhiteTitle "WCM"]
[BlackTitle "WCM"]
[WhiteElo "1910"]
[BlackElo "1799"]
[WhiteFideId "21818754"]
[BlackFideId "14306514"]
[EventDate "2021.06.05"]

1. e4 c6 2. d4 d5 3. Nc3 dxe4 4. Nxe4 Nd7 5. Ng5 Ngf6 6. Bc4 e6 7. Qe2 Nb6 8.
Bd3 Be7 9. N1f3 O-O 10. Ne5 h6 11. Ngf3 c5 12. c3 cxd4 13. cxd4 Nbd5 14. a3 b6
15. O-O Bb7 16. Bd2 Rc8 17. Rac1 Qd6 18. h3 a5 19. Nc4 Qd8 20. Bb1 b5 21. Bxa5
Qd7 22. Nce5 Qd6 23. Rfd1 Ba6 24. Qd2 b4 25. axb4 Nxb4 26. Bxb4 Qxb4 27. Nc6 Qb7
28. Nxe7+ Qxe7 29. Bd3 Bxd3 30. Qxd3 Rxc1 31. Rxc1 Rb8 32. Qc2 Nd5 33. Ne5 Qb4
34. Nc6 Qxb2 35. Nxb8 Qxb8 36. Qc8+ Qxc8 37. Rxc8+ Kh7 38. Kf1 Kg6 39. Ke2 Kf5
40. g3 Kf6 41. Kd3 Kf5 42. Ra8 Nb4+ 43. Ke3 Nd5+ 44. Kf3 g6 45. Ra7 Kf6 46. Ra5
h5 47. g4 hxg4+ 48. Kxg4 Nc3 49. h4 Nd5 50. f4 Ne3+ 51. Kf3 Nf5 52. Kg4 Nxd4 53.
Ra4 Nf5 54. Ra8 Ne3+ 55. Kf3 Nf5 56. Kg4 Ne3+ 57. Kf3 Nd5 58. Ra5 Ne7 59. Kg4
Nf5 60. Kf3 Nxh4+ 61. Kg4 Nf5 62. Kf3 Kg7 63. Kg4 Kf6 64. Kf3 Ne7 65. Kg4 Nd5
66. Kf3 Kf5 67. Rb5 f6 68. Ra5 g5 69. fxg5 fxg5 70. Rb5 g4+ 71. Kg3 Kg5 72. Ra5
Kf5 73. Rb5 Kg5 74. Ra5 Kf5 75. Rb5 1/2-1/2

[Event "Women's Speed Chess Q6"]
[Site "chess.com INT"]
[Date "2021.06.05"]
[Round "3"]
[White "Tarasova, Viktoriya"]
[Black "Vantika, Agrawal"]
[Result "1/2-1/2"]
[WhiteTitle "WIM"]
[BlackTitle "WIM"]
[WhiteElo "2226"]
[BlackElo "2286"]
[WhiteFideId "4175840"]
[BlackFideId "25050389"]
[EventDate "2021.06.05"]

1. d4 d6 2. c4 e5 3. Nc3 exd4 4. Qxd4 Nc6 5. Qd2 Nf6 6. e4 g6 7. Bd3 Bg7 8. Nge2
O-O 9. b3 Ng4 10. O-O Qh4 11. h3 Nge5 12. f4 Nxd3 13. Qxd3 f5 14. Bb2 fxe4 15.
Qxe4 Bf5 16. Qd5+ Kh8 17. Qd2 Rae8 18. Nd5 Qd8 19. Bxg7+ Kxg7 20. Ng3 Bd7 21.
Rfe1 Nb8 22. Ne4 c6 23. Qd4+ Kh6 24. Ndf6 Re7 25. g4 c5 26. g5+ Kg7 27. Qxd6 Bf5
28. Rad1 Qxd6 29. Rxd6 Nc6 30. Kf2 Bxh3 31. Nxc5 Rxe1 32. Kxe1 Rf7 33. Kf2 Nd4
34. Rxd4 Bf5 35. Nce4 Re7 36. Nd6 Bh3 37. Nde8+ Kf7 38. Nd6+ Kg7 39. Nb5 Bf5 40.
Nc3 b6 41. Rd2 Rf7 42. Re2 h6 43. Ncd5 hxg5 44. fxg5 Bg4 45. Re3 Bf5 46. Re7
Rxe7 47. Nxe7 Kf7 48. Ned5 Ke6 49. Ke3 Ke5 50. a3 Bc2 51. b4 Bb3 52. Ne7 Bxc4
53. Nxg6+ Kf5 54. Ne7+ Kxg5 55. Ne4+ Kg4 56. Kd4 Be6 57. Nc6 a6 58. Nb8 a5 59.
bxa5 bxa5 60. Nc6 a4 61. Nc5 Bb3 62. Kc3 Bd1 63. Kb4 Kf5 64. Nxa4 Ke6 65. Nd4+
Kd5 66. Nc3+ Kxd4 67. Nxd1 Kd5 68. Kb5 Kd6 69. Kb6 Kd7 70. a4 Kc8 71. a5 Kb8 72.
a6 Ka8 73. Nc3 Kb8 74. Ne4 Ka8 75. Nc5 Kb8 76. Nd7+ Ka8 77. Nc5 Kb8 78. a7+ Ka8
79. Ne6 1/2-1/2

[Event "Women's Speed Chess Q6"]
[Site "chess.com INT"]
[Date "2021.06.05"]
[Round "3"]
[White "Varshini, V"]
[Black "Belenkaya, Dina"]
[Result "1/2-1/2"]
[WhiteTitle "WGM"]
[BlackTitle "WGM"]
[WhiteElo "2226"]
[BlackElo "2341"]
[WhiteFideId "5091241"]
[BlackFideId "24142654"]
[EventDate "2021.06.05"]

1. e4 d5 2. exd5 Qxd5 3. Nc3 Qa5 4. Nf3 Nf6 5. Be2 Bf5 6. d4 c6 7. O-O e6 8. Ne5
Nbd7 9. f4 h5 10. h3 Be7 11. Bf3 Rd8 12. Be3 h4 13. Qe2 Qc7 14. Rad1 Nb6 15. Nb1
Nbd5 16. Bc1 Nb4 17. Na3 Nxa2 18. Bd2 Nb4 19. c3 Nbd5 20. Nac4 b5 21. Ne3 Nxf4
22. Bxc6+ Qxc6 23. Rxf4 Qc8 24. Qxb5+ Kf8 25. Rdf1 g6 26. Nxf5 gxf5 27. Qe2 Nd5
28. R4f2 Bd6 29. Qf3 Bxe5 30. dxe5 Qb8 31. Bg5 Rc8 32. Rd1 Qxe5 33. Rfd2 Qe4 34.
Qxe4 fxe4 35. Re1 f5 36. Rf2 Kg7 37. Bc1 a5 38. Ref1 a4 39. Re1 Kg6 40. Bd2 Rb8
41. Bc1 Rhf8 42. Rfe2 Kg7 43. Rf2 Rfd8 44. Rfe2 Rb5 45. c4 Rc5 46. cxd5 exd5 47.
Be3 d4 48. Bf4 d3 49. Rd2 Rc4 50. Red1 Rd7 51. Be3 Rb7 52. Rf1 Rc2 53. Rxc2 dxc2
54. Rc1 Rc7 55. Bd4+ Kg6 56. Bf2 f4 57. Kf1 e3 58. Bxh4 Kf5 59. Be1 Ke4 60. Ke2
Rc4 61. Bc3 a3 62. Rxc2 axb2 63. Rxb2 Rxc3 64. Rb4+ Ke5 65. Ra4 Rc2+ 66. Kf1
Rf2+ 67. Kg1 Rc2 68. Kf1 Rd2 69. Kg1 Kf5 70. Kf1 Kg5 71. Ra5+ Kh4 72. Ra8 Kg3
73. Rg8+ Kh2 74. Rg4 Rf2+ 75. Ke1 Rxg2 76. Rxf4 Rg3 77. Re4 Kxh3 78. Ke2 Kg2 79.
Rxe3 Rxe3+ 80. Kxe3 1/2-1/2

[Event "Women's Speed Chess Q6"]
[Site "chess.com INT"]
[Date "2021.06.05"]
[Round "4"]
[White "Ribeiro, Regina"]
[Black "Starosta, Martyna"]
[Result "0-1"]
[WhiteTitle "WIM"]
[BlackTitle "WCM"]
[WhiteElo "1920"]
[BlackElo "1910"]
[WhiteFideId "2100681"]
[BlackFideId "21818754"]
[EventDate "2021.06.05"]

1. Nf3 Nf6 2. b3 g6 3. Bb2 Bg7 4. e3 O-O 5. c4 d6 6. Be2 e5 7. d3 Nbd7 8. O-O b6
9. Nc3 Bb7 10. a3 Ne8 11. Rc1 f5 12. Ng5 Qxg5 13. f4 Qd8 14. Nd5 Bxd5 15. cxd5
exf4 16. exf4 Bxb2 17. Rc2 Bd4+ 0-1

[Event "Women's Speed Chess Q6"]
[Site "chess.com INT"]
[Date "2021.06.05"]
[Round "4"]
[White "Luong, Phuong Hanh"]
[Black "Cori T., Deysi"]
[Result "0-1"]
[WhiteTitle "WIM"]
[BlackTitle "WGM"]
[WhiteElo "2229"]
[BlackElo "2388"]
[WhiteFideId "12401013"]
[BlackFideId "3801934"]
[EventDate "2021.06.05"]

1. d4 Nf6 2. Nf3 g6 3. g3 Bg7 4. Bg2 O-O 5. O-O d5 6. c4 dxc4 7. Na3 c5 8. Nxc4
cxd4 9. Qxd4 Nc6 10. Qxd8 Rxd8 11. Be3 Nd5 12. Bg5 h6 13. Bc1 Ndb4 14. a3 Nc2
15. Rb1 Be6 16. Ne3 Ba2 17. Nxc2 Bxb1 18. Ne3 Rac8 19. Bd2 Be4 20. Bc3 Bxc3 21.
bxc3 Bxf3 22. Bxf3 Na5 23. Rc1 b5 24. Nd5 Kf8 25. Rb1 Rc5 26. e4 a6 27. Rc1 Nb3
28. Re1 e6 29. Nb4 Rxc3 30. Kg2 Nd2 31. Bd1 Rxa3 32. e5 Nc4 33. Bf3 Rd2 34. Bb7
a5 35. Nc6 Raa2 0-1

[Event "Women's Speed Chess Q6"]
[Site "chess.com INT"]
[Date "2021.06.05"]
[Round "4"]
[White "Dong, Khanh Linh"]
[Black "Priyanka, K"]
[Result "1-0"]
[WhiteTitle "WCM"]
[BlackTitle "WIM"]
[WhiteElo "1970"]
[BlackElo "2218"]
[WhiteFideId "12403040"]
[BlackFideId "5082986"]
[EventDate "2021.06.05"]

1. e4 c5 2. Nf3 d6 3. d4 cxd4 4. Nxd4 Nf6 5. Nc3 a6 6. Bg5 e6 7. f4 Qc7 8. Qf3
b5 9. O-O-O b4 10. Nce2 Bb7 11. Bxf6 gxf6 12. g4 Nd7 13. Ng3 Rc8 14. Bd3 Nc5 15.
Kb1 Be7 16. Rhe1 a5 17. Bb5+ Kf8 18. g5 f5 19. Qh5 Bxe4 20. Qh6+ Kg8 21. Nh5 1-0

[Event "Women's Speed Chess Q6"]
[Site "chess.com INT"]
[Date "2021.06.05"]
[Round "4"]
[White "Frayna, Janelle Mae"]
[Black "Vu, Bui Thi Thanh Van"]
[Result "1-0"]
[WhiteTitle "WGM"]
[BlackTitle "WFM"]
[WhiteElo "2179"]
[BlackElo "1750"]
[WhiteFideId "5212499"]
[BlackFideId "12408921"]
[EventDate "2021.06.05"]

1. e4 e6 2. d4 d5 3. Nc3 Nf6 4. e5 Nfd7 5. f4 c5 6. Nf3 Nc6 7. Be3 a6 8. Qd2 b5
9. dxc5 Bxc5 10. O-O-O Qb6 11. Bxc5 Nxc5 12. Nd4 Bd7 13. Nxc6 Bxc6 14. Bd3 a5
15. Kb1 b4 16. Ne2 O-O 17. g4 a4 18. f5 b3 19. cxb3 axb3 20. a3 Qb7 21. f6 g6
22. Qh6 d4 23. Qg7# 1-0

[Event "Women's Speed Chess Q6"]
[Site "chess.com INT"]
[Date "2021.06.05"]
[Round "4"]
[White "Purtseladze, Maka"]
[Black "Szente Varga, Fruzsina"]
[Result "1-0"]
[WhiteTitle "IM"]
[BlackTitle "WFM"]
[WhiteElo "2274"]
[BlackElo "2100"]
[WhiteFideId "13602659"]
[BlackFideId "712264"]
[EventDate "2021.06.05"]

1. d4 Nf6 2. Bg5 g6 3. Bxf6 exf6 4. g3 d5 5. Bg2 f5 6. e3 c6 7. Ne2 Bg7 8. Nf4
O-O 9. Nd2 Re8 10. O-O Nd7 11. c4 dxc4 12. Nxc4 Nf6 13. a4 g5 14. Nh5 Nxh5 15.
Qxh5 Be6 16. Ne5 f6 17. Nd3 Bd5 18. Rfc1 Bxg2 19. Kxg2 Qd5+ 20. Qf3 Qd7 21. Rc5
f4 22. gxf4 gxf4 23. Nxf4 Kh8 24. Qh5 Rg8 25. Ng6# 1-0

[Event "Women's Speed Chess Q6"]
[Site "chess.com INT"]
[Date "2021.06.05"]
[Round "4"]
[White "Arabidze, Meri"]
[Black "Berend, Elvira"]
[Result "1-0"]
[WhiteTitle "IM"]
[BlackTitle "WGM"]
[WhiteElo "2432"]
[BlackElo "2326"]
[WhiteFideId "13604040"]
[BlackFideId "4000510"]
[EventDate "2021.06.05"]

1. Nf3 Nf6 2. d4 e6 3. c4 Bb4+ 4. Bd2 c5 5. g3 O-O 6. Bg2 d6 7. O-O Nc6 8. Be3
cxd4 9. Nxd4 Nxd4 10. Bxd4 Bc5 11. Nc3 a6 12. a3 Qc7 13. b4 Bxd4 14. Qxd4 e5 15.
Qd3 Be6 16. Nd5 Bxd5 17. Bxd5 Rac8 18. Rac1 Qb6 19. Bg2 Rfd8 20. Rfd1 h6 21. Qf3
d5 22. cxd5 Rxc1 23. Rxc1 Rxd5 24. Rc8+ Kh7 25. Qf5+ g6 26. Qc2 Kg7 27. Bxd5
Nxd5 28. Qc5 Qe6 29. Qf8+ Kf6 30. Qh8+ Kg5 31. h4+ Kh5 32. Qg7 Qxc8 33. Qxf7
Qc1+ 34. Kg2 Qc6 35. Qf3# 1-0

[Event "Women's Speed Chess Q6"]
[Site "chess.com INT"]
[Date "2021.06.05"]
[Round "4"]
[White "Eswaran, Ashritha"]
[Black "Avramidou, Anastasia"]
[Result "1-0"]
[WhiteTitle "WIM"]
[BlackTitle "FM"]
[WhiteElo "2244"]
[BlackElo "2238"]
[WhiteFideId "2080788"]
[BlackFideId "4239873"]
[EventDate "2021.06.05"]

1. e4 g6 2. d4 Bg7 3. Nc3 c6 4. a4 d5 5. Nf3 dxe4 6. Nxe4 Nf6 7. Nxf6+ Bxf6 8.
Bc4 O-O 9. O-O Bg7 10. h3 Bf5 11. Re1 a5 12. c3 Na6 13. Qe2 Bf6 14. Bg5 Nc7 15.
Bh6 Re8 16. g4 Be6 17. Bd3 Bd5 18. Ne5 Rb8 19. f4 Qd6 20. c4 Be6 21. Qf2 Rbd8
22. d5 cxd5 23. c5 Bxe5 24. cxd6 Bxd6 25. f5 Bc8 26. fxg6 hxg6 27. Rf1 Be6 28.
Rae1 f6 29. Bxg6 Bf7 30. Bxf7+ Kxf7 31. Qf5 Rh8 32. Qh5+ 1-0

[Event "Women's Speed Chess Q6"]
[Site "chess.com INT"]
[Date "2021.06.05"]
[Round "4"]
[White "Kashlinskaya, Alina"]
[Black "Varshini, V"]
[Result "1-0"]
[WhiteTitle "IM"]
[BlackTitle "WGM"]
[WhiteElo "2494"]
[BlackElo "2226"]
[WhiteFideId "4198026"]
[BlackFideId "5091241"]
[EventDate "2021.06.05"]

1. d4 d5 2. c4 e6 3. Nc3 Nf6 4. Nf3 Be7 5. Bf4 O-O 6. e3 a6 7. c5 b6 8. cxb6
cxb6 9. Bd3 Bb7 10. O-O Nbd7 11. Rc1 Rc8 12. Qb3 b5 13. a4 b4 14. Na2 a5 15. Bb5
Nb6 16. Rxc8 Nxc8 17. Rc1 Nd6 18. Bd3 Nfe4 19. Ne5 f6 20. Nc6 Bxc6 21. Rxc6 Qa8
22. Ra6 Qc8 23. Rxa5 Nd2 24. Qd1 b3 25. Nc3 N6c4 26. Ra7 Bb4 27. Bxh7+ Kxh7 28.
Qh5+ Kg8 29. Qg6 Nf3+ 30. gxf3 1-0

[Event "Women's Speed Chess Q6"]
[Site "chess.com INT"]
[Date "2021.06.05"]
[Round "4"]
[White "Golubenko, Valentina"]
[Black "Kabanova, Ekaterina"]
[Result "1-0"]
[WhiteTitle "WGM"]
[BlackTitle "WFM"]
[WhiteElo "2209"]
[BlackElo "2138"]
[WhiteFideId "4501993"]
[BlackFideId "24112917"]
[EventDate "2021.06.05"]

1. d4 c5 2. d5 e5 3. dxe6 fxe6 4. c4 a6 5. e4 Nc6 6. Nf3 d6 7. Nc3 Qc7 8. Be2
Be7 9. O-O Nf6 10. Bf4 O-O 11. Qd2 e5 12. Bg5 Be6 13. Bxf6 Rxf6 14. Ng5 Nd4 15.
Nxe6 Rxe6 16. Bg4 Rg6 17. Nd5 Qd8 18. h3 b5 19. b3 Bg5 20. Qd3 Bh4 21. f4 exf4
22. Rxf4 Bg5 23. Rf2 Bf6 24. Raf1 Be5 25. Rf7 Qh4 26. Ne7+ Kh8 27. Rf8+ 1-0

[Event "Women's Speed Chess Q6"]
[Site "chess.com INT"]
[Date "2021.06.05"]
[Round "4"]
[White "Torres Hernandez, Leslie Carolin"]
[Black "Kiran, Manisha Mohanty"]
[Result "1-0"]
[WhiteTitle "WFM"]
[BlackTitle "WGM"]
[WhiteElo "1884"]
[BlackElo "2168"]
[WhiteFideId "8400504"]
[BlackFideId "5019575"]
[EventDate "2021.06.05"]

1. e4 c5 2. Nc3 d6 3. g3 g6 4. Bg2 Bg7 5. Nge2 Nc6 6. O-O e6 7. d3 Nge7 8. Be3
O-O 9. d4 cxd4 10. Nxd4 a6 11. Qd2 Ne5 12. b3 b6 13. Rad1 Bb7 14. h3 Rc8 15. f4
N5c6 16. Na4 b5 17. Nxc6 Bxc6 18. Nb6 d5 19. Nxc8 Qxc8 20. e5 Nf5 21. Bc5 Nxg3
22. Bxf8 Bxf8 23. Rf3 Ne4 24. Qe2 b4 25. Kh2 Bb5 26. Rfd3 Bh6 27. Bxe4 Bxf4+ 28.
Kg2 dxe4 29. Qxe4 Bc6 30. Rd8+ Kg7 31. Rxc8 Bxe4+ 32. Kf2 Bxe5 33. Rc4 Bf5 34.
Rxb4 Bxc2 35. Rd7 g5 36. Rbb7 Bg6 37. a4 h5 38. b4 g4 39. hxg4 hxg4 40. b5 axb5
41. axb5 g3+ 42. Kg1 Kh6 43. Rxf7 Be4 44. Rbd7 Kg5 45. b6 Kg4 46. b7 Bb8 47. Rf8
Ba7+ 48. Kf1 g2+ 49. Ke2 Bg6 50. Rd1 Kg3 51. Rg8 Kh2 52. Rxg6 1-0

[Event "Women's Speed Chess Q6"]
[Site "chess.com INT"]
[Date "2021.06.05"]
[Round "4"]
[White "Smietanska, Wiktoria"]
[Black "Ziegenfuss, Antonia"]
[Result "0-1"]
[WhiteTitle "CM"]
[BlackTitle "WFM"]
[WhiteElo "1802"]
[BlackElo "2157"]
[WhiteFideId "21869359"]
[BlackFideId "12962554"]
[EventDate "2021.06.05"]

1. c4 c5 2. Nf3 Nf6 3. Nc3 d5 4. cxd5 Nxd5 5. d4 cxd4 6. Nxd4 Nxc3 7. bxc3 e5 8.
Nb5 Qa5 9. Qb3 Be6 10. Qb2 a6 11. Na3 Nd7 12. Nc2 Bc5 13. Bd2 O-O 14. e4 Rfd8
15. Be2 Rac8 16. O-O Qc7 17. Rac1 Nb6 18. Be3 Bc4 19. Bd2 Bxe2 20. Rfe1 Rxd2 21.
Qb1 Nc4 0-1

[Event "Women's Speed Chess Q6"]
[Site "chess.com INT"]
[Date "2021.06.05"]
[Round "4"]
[White "Nemcova, Katerina"]
[Black "Batsiashvili, Nino"]
[Result "0-1"]
[WhiteTitle "WGM"]
[BlackTitle "GM"]
[WhiteElo "2331"]
[BlackElo "2491"]
[WhiteFideId "322750"]
[BlackFideId "13602993"]
[EventDate "2021.06.05"]

1. e4 c6 2. Nf3 d5 3. exd5 cxd5 4. d4 Nf6 5. Bd3 Nc6 6. c3 Bg4 7. h3 Bh5 8. O-O
e6 9. Bf4 Bd6 10. Bxd6 Qxd6 11. Nbd2 O-O 12. Qc2 Rfc8 13. a3 Rab8 14. Rae1 b5
15. Qb1 a5 16. Ne5 b4 17. axb4 axb4 18. Nxc6 Rxc6 19. Qc2 bxc3 20. bxc3 Rbc8 21.
Nb1 Bg6 22. Re3 Ne4 23. c4 Qb4 24. Rc1 Nd6 25. c5 Qxd4 26. Bxg6 hxg6 27. cxd6
Rxc2 28. Rxc2 Qd1+ 29. Kh2 Qxc2 30. d7 Rd8 0-1